00662nam a2200193Ia 4500008004100000082001700041100002000058245002700078250000800105260003200113300000800145500002400153650001400177700004100191942000700232952010600239952010600345999001700451230524s9999 xx 000 0 und d a302.231bRIL aWilliam F.Riley 0aMechanics of Materials a5TH aSINGAPOREbJohn Wileyc2004 a708 aQuantity Number: 2 aMechanics a" Leroy D.Sturges , Don H.Morris,,," cBK 00104070aTATCLbTATCLcGENd2023-05-24l0o302.231 RILp8465r2023-05-24w2023-05-24yBKzBSCM2101 00104070aTATCLbTATCLcGENd2023-05-24l0o302.231 RILp8466r2023-05-24w2023-05-24yBKzBSCM2101 c16053d16053